000 00916nam a2200265 a 4500
001 000026766
003 DO-SdBNP
005 20240826131415.0
008 110325s2000 dr 000 0 spa d
040 _aDO-SdBNP
_bspa
_cBNPHU
082 4 _aRD863.44
_bT266e
100 1 _aTejeda, Darío
_92540
245 1 0 _aÉtica y estética en los cuentos de Sócrates Nolasco /
_cDario Tejeda.
260 _aSanto Domingo :
_b(Universidad Central del Este)
_c2000.
300 _a189 p. ;
_c28 cm.
500 _aIncluye referencias bibliográficas y notas al pie de las páginas
504 _aBibliografía: p.183- 189
590 _aInventariado,2022/MFF
600 1 4 _aNolasco, Sócrates,
_d1884-1980
_922323
_xCrítica e interpretación
650 4 _aCuentos dominicanos
650 4 _aLiteratura dominicana
651 4 _aRepública Dominicana
_vBiografías
_91083
910 _aValidado, 2022/MFF
942 _2ddc
_cLBS1
999 _c26258
_d26258